Sociálno-ekonomické podmienky živoriacich rodín s deťmi v ČSSR čiastková úloha SPEV 906 111 410 01

Gespeichert in:
Bibliographische Detailangaben
1. Verfasser: Černý, Milan
Weitere Verfasser: Prokešová, Naile, Tonhauserová, Alena
Format: Buch
Sprache:Slowakisch
Veröffentlicht: Bratislava Výskumný ústav životnej úrovne 1983
Schriftenreihe:Výskumná úloha č. 291
Tags: Tag hinzufügen
Keine Tags, Fügen Sie das erste Tag hinzu!

MARC

LEADER 00000nam a2200000 4500
001 c114062
005 20181203150325.4
041 0 |a slo 
044 |a SK 
245 1 0 |a Sociálno-ekonomické podmienky živoriacich rodín s deťmi v ČSSR  |b čiastková úloha SPEV 906 111 410 01  |c Milan Černý, Naile Prokešová, Alena Tonhauserová 
264 1 |a Bratislava  |b Výskumný ústav životnej úrovne  |c 1983 
300 |a 182 s. 
490 1 |a Výskumná úloha  |v č. 291 
830 0 |a Výskumná úloha  |v č. 291 
100 1 |a Černý, Milan 
700 1 |a Prokešová, Naile 
700 1 |a Tonhauserová, Alena